000 00841nam a2200205 a 4500
003 0
005 20250414092531.0
008 970101s19uu xx 00 eng d
050 _aPGS PN 1995.9.C46
_b.J83 2004
100 _aJose, John Louie A.
245 _aThe effects of watching action movies on the behavior of students from SISC and Bloomfield Academy /
_cJohn Louie A. Jose.
260 _aLas Piñas City, Philippines :
_bSouthville International School and Colleges,
_c2004.
300 _a22 pages :
_billustrations ;
_c28 cm.
504 _aIncludes bibliographical references.
650 _aMotion pictures
_vPsychological aspects.
650 _aAction films
_vEffect on children’s behavior.
650 _a Media violence
_vInfluence on youth.
650 _aStudent behavior
_vMotion picture influence.
942 _2lcc
_cPASS
999 _c96996
_d96996